Really learn 100 phrasal verbs for business

Enregistré dans:
Détails bibliographiques
Format: Livre
Langue:anglais
Publié: Oxford Oxford University Press 2005
Édition:1a. ed
Sujets:
Tags: Ajouter un tag
Pas de tags, Soyez le premier à ajouter un tag!

MARC

LEADER 00000nam a2200000 a 4500
001 UCH9103
003 CL-VaPUC
008 091224e20050000UK |||||||||||||||||eng|d
020 |a 9780194316963 
082 0 4 |a 428.8  |b REA  |2 21 
245 1 0 |a Really learn 100 phrasal verbs for business 
250 |a 1a. ed 
300 |a 110 p 
942 |c BK 
945 |d 20091224 00:00:00  |a rbrito 
260 |a Oxford  |b Oxford University Press  |c 2005 
650 7 |a INGLES GRAMATICA  |2 CL-VaPUC  |9 313180 
650 0 |a Gramática inglesa  |9 392981 
650 0 |a Comprensión   |9 339377 
650 0 |a Enseñanza del inglés  |9 367340 
650 0 |a Verbos  |9 310738 
650 0 |a Inglés comercial  |9 323356 
583 |a last modification  |c 20091224 00:00:00  |k Rodrigo Vera 
999 |c 339167  |d 339165 
952 |0 0  |1 0  |4 0  |6 428_800000000000000_REA_2005  |7 0  |8 A  |9 432645  |a BIBEDU  |b BIBEDU  |d 2019-11-22  |i 4629132  |o 428.8 REA 2005  |p 4629132  |r 2019-11-22  |w 2019-11-22  |y BK  |k CIT